Developing new technologies for young children
Αποθηκεύτηκε σε:
| Άλλοι συγγραφείς: | |
|---|---|
| Μορφή: | Βιβλίο |
| Γλώσσα: | English |
| Δημοσίευση: |
Sterling, VA :
Trentham Books,
2004
|
| Θέματα: | |
| Ετικέτες: |
Προσθήκη ετικέτας
Δεν υπάρχουν, Καταχωρήστε ετικέτα πρώτοι!
|
MARC
| LEADER | 00000nam a2200000 i 4500 | ||
|---|---|---|---|
| 001 | 1/50782 | ||
| 008 | 070806s2004 eng d | ||
| 020 | |a 1-85856-307-0 (pbk.) | ||
| 035 | |l 10089546 | ||
| 040 | |a GR-MY-UA |b gre |e aacr | ||
| 041 | 0 | |a eng | |
| 082 | 0 | |a 372.133 |2 (22) | |
| 245 | 1 | 0 | |a Developing new technologies for young children / |c edited by John Siraj-Blatchford |
| 260 | |a Sterling, VA : |b Trentham Books, |c 2004 | ||
| 300 | |a xii, 175 σ.; |b εικ.; |c 25 εκ. | ||
| 504 | |a Βιβλιογραφία: σ. 165-174 | ||
| 504 | |a Περιέχει ευρετήριο | ||
| 650 | 0 | 0 | |a Educational technology |z Great Britain. |
| 650 | 0 | 0 | |a Education, Elementary |z Great Britain. |
| 700 | 1 | |a Siraj-Blatchford, John |d 1952- |4 edt | |
| 852 | |a INST |b LESVOS |e 20070806 |h 372.133 DEV |p 005100039263 |q 005100039263 |t BK |y 0 | ||
| 852 | |a INST |b RHODES |e 20080422 |h 372.133 DEV |p 005400029258 |q 005400029258 |t BK |y 0 | ||
| 901 | |a BIBL1-2007-2 | ||
| 909 | |a Λ |b 137925 | ||
| 909 | |a Ρ |b 151292 | ||
| 922 | |a 1ΕΛΗ |b 200707 |c ΕΠΕΑΕΚ2/ΠΤΕ |d ΕΛΕΥΘΕΡΟΥΔΑΚΗΣ | ||
| 922 | |a 4ΕΛΗ |b 200803 |c ΕΠΕΑΕΚ2/ΤΕΠΑΕΣ |d ΠΑΠΑΣΩΤΗΡΙΟΥ | ||
| 970 | |a ΒΑΡΚΑ |b ΕΛΕΥΘΕΡΙΑ |z 2007/08/06 | ||